| 000 | 01721cam a22003494a 4500 | ||
|---|---|---|---|
| 999 |
_c332191 _d332191 |
||
| 001 | 13380870 | ||
| 003 | NUST | ||
| 005 | 20171117103536.0 | ||
| 008 | 031022s2004 nju bf 001 0 eng | ||
| 010 | _a 2003023093 | ||
| 020 | _a0471455997 (cloth) | ||
| 040 |
_aDLC _cDLC _dDLC |
||
| 042 | _apcc | ||
| 050 | 0 | 0 |
_aTD1060 _b.L44 2004 |
| 082 | 0 | 0 |
_a628.5 LEH _222 |
| 100 | 1 |
_aLehr, Jay H., _d1936- _96484 |
|
| 245 | 1 | 0 |
_aWiley's remediation technologies handbook : _bmajor contaminant chemicals and chemical groups / _cJay H. Lehr. |
| 246 | 3 | 0 | _aRemediation technologies handbook |
| 260 |
_aHoboken, N.J. : _bWiley-Interscience, _cc2004. |
||
| 300 |
_ax, 1271 p. ; _c26 cm. + _e1 CD-ROM (4 3/4 in.) |
||
| 500 | _aH.B | ||
| 504 | _aIncludes bibliographical references and index. | ||
| 650 | 0 |
_aHazardous wastes _xPurification _vHandbooks, manuals, etc. _96382 |
|
| 650 | 0 |
_aHazardous waste site remediation _vHandbooks, manuals, etc. _96485 |
|
| 650 | 0 |
_aPollutants _vHandbooks, manuals, etc. _96486 |
|
| 650 | 0 |
_aHazardous substances _vHandbooks, manuals, etc. _96487 |
|
| 856 | 4 | 2 |
_3Contributor biographical information _uhttp://www.loc.gov/catdir/bios/wiley047/2003023093.html |
| 856 | 4 | 2 |
_3Publisher description _uhttp://www.loc.gov/catdir/description/wiley041/2003023093.html |
| 856 | 4 | 1 |
_3Table of contents _uhttp://www.loc.gov/catdir/toc/wiley041/2003023093.html |
| 856 | 4 | 2 |
_3Book review (E-STREAMS) _uhttp://www.e-streams.com/es0802/es0802_3902.html |
| 906 |
_a7 _bcbc _corignew _d1 _eecip _f20 _gy-gencatlg |
||
| 942 |
_2ddc _cBK _kIESE |
||